00594nam a2200145Ia 4500008004100000100001700041245010600058245003200164260000900196300003100205440003000236650009100266999001900357952007200376171207s9999 xx 000 0 und d aWyche, Susan aImagined Facebook: An exploratory study of non-users’ perceptions of social media in Rural Zambia  cSusan Wyche, Eric PS Baumer c2017 apages 1092-1108, July 2017 aNew Media & Societyv19:7 aAfrica, Facebook, mobile phones, non-users, qualitative research, social media, Zambia c347666d347666 001040aCLbCLd2017-12-07l0r2017-12-07 00:00:00w2017-12-07ySE